Quel avenir pour le maillage territorial français ? (notice n° 1666521)

détails MARC
000 -LEADER
fixed length control field 03520cam a2200217 4500500
005 - DATE AND TIME OF LATEST TRANSACTION
control field 20260222002903.0
041 ## - LANGUAGE CODE
Language code of text/sound track or separate title fre
042 ## - AUTHENTICATION CODE
Authentication code dc
100 10 - MAIN ENTRY--PERSONAL NAME
Personal name Pollet, Gilles
Relator term author
245 00 - TITLE STATEMENT
Title Quel avenir pour le maillage territorial français ?
260 ## - PUBLICATION, DISTRIBUTION, ETC.
Date of publication, distribution, etc. 2015.<br/>
500 ## - GENERAL NOTE
General note 53
520 ## - SUMMARY, ETC.
Summary, etc. Cet article part du constat selon lequel la gestion des territoires métropolitains est inter-organisationnelle. Dans la lignée de la sociologie de l’action organisée, il développe une approche systémique de l’action publique dans le cas d’un projet de réseau de transport métropolitain. Celui-ci implique une coopération entre le syndicat des transports, le conseil régional, plusieurs départements, une communauté urbaine et plusieurs communautés d’agglomération. En nous intéressant aux acteurs qui, concrètement, assurent le déploiement de ce projet, nous explorons les mécanismes qui rendent possible cette action collective entre des administrations autonomes liées par des interdépendances stratégiques fondées sur la distribution territoriale et sectorielle des compétences en matière de transport public et d’aménagement. Nous mettons ainsi en évidence l’inter-institutionnalité technique qui, à l’occasion d’actions opérationnelles, contribue à la construction métropolitaine.
520 ## - SUMMARY, ETC.
Summary, etc. Technical Inter-Institutionality at the Core of Metropolitan ConstructionThe authors consider metropolitan areas as an inter-organizational issue. Within the pattern of organized action sociology, they develop a systemic approach of public action, in the field of metropolitan transportation networks. It involves cooperation between the metropolitan transportation authorities, regional government, several district governments ( Départments), and many local authorities. They analyse the stakeholders who pilot this project, in order to highlight the mechanisms that make collective action possible among autonomous administrations, linked by strategic interdependencies based on territorial and sectorial distribution of public transport and urban development competencies. They highlight the technical inter-institutionnality which contributes to metropolitan construction through operational actions.
520 ## - SUMMARY, ETC.
Summary, etc. El presente artículo parte del hecho que la gestión de territorios metropolitanos es inter-organizacional. En la tradición de la sociología de la acción organizada, desarrollamos un enfoque sistémico de la acción pública en el caso de un proyecto de red de transporte metropolitano. Éste implica una cooperación entre el sindicato de transporte, el consejo regional, varias provincias y diferentes comunidades urbanas. Nuestro análisis se centra en los actores que coordinan dicho proyecto y tiene como objetivo explorar los mecanismos que permiten esa acción colectiva de administraciones autónomas que están ligadas por interdependencias fundadas en la distribución territorial y sectorial en materia de transporte público y de ordenamiento territorial. Asimismo, mostramos que la interinstitucionalidad técnica contribuye a la construcción metropolitana, sobre todo cuando se trata de acciones operativas.
700 10 - ADDED ENTRY--PERSONAL NAME
Personal name Viard, Jean
Relator term author
700 10 - ADDED ENTRY--PERSONAL NAME
Personal name Dubois, Jérôme
Relator term author
700 10 - ADDED ENTRY--PERSONAL NAME
Personal name Gaudin, Jean-Pierre
Relator term author
786 0# - DATA SOURCE ENTRY
Note Espaces et sociétés | 160-161 | 1 | 2015-02-18 | p. 207-218 | 0014-0481
856 41 - ELECTRONIC LOCATION AND ACCESS
Uniform Resource Identifier <a href="https://shs.cairn.info/revue-espaces-et-societes-2015-1-page-207?lang=fr&redirect-ssocas=7080">https://shs.cairn.info/revue-espaces-et-societes-2015-1-page-207?lang=fr&redirect-ssocas=7080</a>

Pas d'exemplaire disponible.

PLUDOC

PLUDOC est la plateforme unique et centralisée de gestion des bibliothèques physiques et numériques de Guinée administré par le CEDUST. Elle est la plus grande base de données de ressources documentaires pour les Étudiants, Enseignants chercheurs et Chercheurs de Guinée.

Adresse

627 919 101/664 919 101

25 boulevard du commerce
Kaloum, Conakry, Guinée

Réseaux sociaux

Powered by Netsen Group @ 2025